Athletic Events at the Summer Olympics - Statistics

General Stats
  • This quiz has been taken 1,213 times
    647 since last reset
  • The average score is 19 of 25
Answer Stats
Events % Correct
100m
98%
200m
97%
400m
97%
800m
95%
High Jump
91%
Long Jump
91%
1500m
89%
Javelin Throw
88%
10000m
84%
Discus Throw
84%
5000m
83%
Marathon
83%
Hammer Throw
82%
Shot Put
82%
Triple Jump
79%
Pole Vault
78%
100m or 110m hurdles
77%
4x100m relay
68%
400m hurdles
66%
4x400m relay
65%
Decathlon (Men)
64%
3000m steeplechase
61%
Heptathlon (Women)
55%
20k walk
34%
50k walk
32%
No matching quizzes found
Score Distribution
Percent of People with Each Score
Percentile by Number Answered
Your Score History
You have not taken this quiz since the last reset